000 00436nam a2200181Ia 4500
001 23203
005 20260414150922.0
008 260414t2003||||xx |||||||||||||| ||spa||
041 _aESP
082 _a625.8
_bR47
100 _aReyes Lizcano, Fredy Alberto
_eAUT
245 0 _aDiseño racional de pavimentos
_b
260 _c2003
300 _a584 páginas :
_c24 cm.
650 _a0
654 _aCIC
942 _cLIB
_dJUS
_fJUS
_2ddc
_n
999 _c23203
_d23203